Sekuritizácia poistných rizík a katastrofické dlhopisy

Vznik a podstata sekuritizácie bankových úverov. Klasifikácia poistných rizík. Princípy fungovania poistných rizík. Kaptívne poisťovne, ich výhody a nevýhody. Katastrofické dlhopisy. .

Gespeichert in:
Bibliographische Detailangaben
1. Verfasser: Pinda, Ľudovít, 1958-
Weitere Verfasser: Chmelová, Petra
Format: Buchkapitel
Sprache:Slowakisch
Schlagworte:
Tags: Tag hinzufügen
Keine Tags, Fügen Sie das erste Tag hinzu!

MARC

LEADER 00000naa$a2200000$$$4500
001 0070440
005 20240502071839.0
041 0 |a slo 
044 |a SK 
245 1 0 |a Sekuritizácia poistných rizík a katastrofické dlhopisy  |c Ľudovít Pinda, Petra Chmelová 
520 |a Vznik a podstata sekuritizácie bankových úverov. Klasifikácia poistných rizík. Princípy fungovania poistných rizík. Kaptívne poisťovne, ich výhody a nevýhody. Katastrofické dlhopisy. . 
610 2 0 |a riziko poistné 
610 2 0 |a sekuritizácia 
610 2 0 |a úver bankový 
610 2 0 |a udalosti poistné 
610 2 0 |a investori 
610 2 0 |a trh finančný 
610 2 0 |a papiere cenné 
100 1 |a Pinda, Ľudovít, 1958- 
700 1 |a Chmelová, Petra